Sports Quiz

Random Sports or Soccer Quiz

UEFA Champions League Winners Minefield Quiz Stats

 Plays Quiz Updated Jan 6, 2019

Challenge
Share
Tweet
Embed
Score 0/23 Timer 04:00
112 Plays Today
Wins Team % Correct
13???
89.5%
5???
85.1%
3???
82.7%
5???
75.4%
7???
74.5%
1???
74.4%
5???
72.7%
3???
67.5%
2???
61.5%
2???
53.5%
4???
52.7%
1???
47.1%
Wins Team % Correct
2???
44.4%
2???
36.1%
1???
35%
1???
32.9%
1???
32.1%
1???
26.3%
1???
24.4%
Mine???
23.4%
1???
19.4%
1???
18.8%
1???
17.7%

You're not logged in!

Compare scores with friends on all Sporcle quizzes.
OR
Log In

You Might Also Like...

Show Comments

Extras

Top Quizzes Today


Score Distribution

Your Account Isn't Verified!

In order to create a playlist on Sporcle, you need to verify the email address you used during registration. Go to your Sporcle Settings to finish the process.

Report this User

Report this user for behavior that violates our Community Guidelines.

Details: